<?xml version="1.0" encoding="UTF-8"?>
<record
    xmlns:xsi="http://www.w3.org/2001/XMLSchema-instance"
    xsi:schemaLocation="http://www.loc.gov/MARC21/slim http://www.loc.gov/standards/marcxml/schema/MARC21slim.xsd"
    xmlns="http://www.loc.gov/MARC21/slim">

  <leader>02108nam a22003374a 4500</leader>
  <controlfield tag="001">ebr10015701</controlfield>
  <controlfield tag="003">CaPaEBR</controlfield>
  <controlfield tag="006">m        u        </controlfield>
  <controlfield tag="007">cr cn|||||||||</controlfield>
  <controlfield tag="008">011011s2001    nyu     sb    001 0 eng  </controlfield>
  <datafield tag="010" ind1=" " ind2=" ">
    <subfield code="z">  2001006274</subfield>
  </datafield>
  <datafield tag="020" ind1=" " ind2=" ">
    <subfield code="z">9280810685 (pbk.)</subfield>
  </datafield>
  <datafield tag="040" ind1=" " ind2=" ">
    <subfield code="a">CaPaEBR</subfield>
    <subfield code="c">CaPaEBR</subfield>
  </datafield>
  <datafield tag="035" ind1=" " ind2=" ">
    <subfield code="a">(OCoLC)70747684</subfield>
  </datafield>
  <datafield tag="050" ind1="1" ind2="4">
    <subfield code="a">JL966</subfield>
    <subfield code="b">.D4544 2001eb</subfield>
  </datafield>
  <datafield tag="082" ind1="0" ind2="4">
    <subfield code="a">320.98</subfield>
    <subfield code="2">21</subfield>
  </datafield>
  <datafield tag="245" ind1="0" ind2="0">
    <subfield code="a">Democracy in Latin America</subfield>
    <subfield code="h">[electronic resource] :</subfield>
    <subfield code="b">(re)constructing political society /</subfield>
    <subfield code="c">edited by Manuel Antonio Garret&#xFFFD;on M. and Edward Newman.</subfield>
  </datafield>
  <datafield tag="260" ind1=" " ind2=" ">
    <subfield code="a">New York :</subfield>
    <subfield code="b">United Nations University Press,</subfield>
    <subfield code="c">c2001.</subfield>
  </datafield>
  <datafield tag="300" ind1=" " ind2=" ">
    <subfield code="a">ix, 319 p.</subfield>
  </datafield>
  <datafield tag="490" ind1="1" ind2=" ">
    <subfield code="a">Changing nature of democracy</subfield>
  </datafield>
  <datafield tag="504" ind1=" " ind2=" ">
    <subfield code="a">Includes bibliographical references and index.</subfield>
  </datafield>
  <datafield tag="505" ind1="0" ind2=" ">
    <subfield code="t">Scenarios of democracy and transition.</subfield>
    <subfield code="t">Transitions: Brazil/</subfield>
    <subfield code="r">Mar&#xFFFD;a d'Alva Kinzo--</subfield>
    <subfield code="t">Transitions: Argentina, Bolivia, Chile, Uruguay/</subfield>
    <subfield code="r">Marcelo Cavarozzi--</subfield>
    <subfield code="t">Reforms: Mexico and Colombia/</subfield>
    <subfield code="r">Laurence Whitehead--</subfield>
    <subfield code="t">Foundations: Central America/</subfield>
    <subfield code="r">Edelberto Torres-Rivas--</subfield>
    <subfield code="t">Crisis and regression : Ecuador, Paraguay, Peru, and Venezuela/</subfield>
    <subfield code="r">Heinz R. Sonntag--</subfield>
    <subfield code="t">Democracy and the (re)construction of political society. Social dimensions : ethnicity/</subfield>
    <subfield code="r">Rodolfo Stavenhagen--</subfield>
    <subfield code="t">Reconciliation/</subfield>
    <subfield code="r">Edward Newman--</subfield>
    <subfield code="t">The new socio-political matrix/</subfield>
    <subfield code="r">Manuel Antonio Garret&#xFFFD;on M.--</subfield>
    <subfield code="t">The transformation of political culture/</subfield>
    <subfield code="r">Amparo Men&#xFFFD;endez-Carri&#xFFFD;on--</subfield>
    <subfield code="t">The international dimension of democratization and human rights in Latin America/</subfield>
    <subfield code="r">Ellen L. Lutz and Kathryn Sikkink.</subfield>
  </datafield>
  <datafield tag="533" ind1=" " ind2=" ">
    <subfield code="a">Electronic reproduction.</subfield>
    <subfield code="b">Palo Alto, Calif. :</subfield>
    <subfield code="c">ebrary,</subfield>
    <subfield code="d">2013.</subfield>
    <subfield code="n">Available via World Wide Web.</subfield>
    <subfield code="n">Access may be limited to ebrary affiliated libraries.</subfield>
  </datafield>
  <datafield tag="650" ind1=" " ind2="0">
    <subfield code="a">Democracy</subfield>
    <subfield code="z">Latin America.</subfield>
  </datafield>
  <datafield tag="655" ind1=" " ind2="7">
    <subfield code="a">Electronic books.</subfield>
    <subfield code="2">local</subfield>
  </datafield>
  <datafield tag="700" ind1="1" ind2=" ">
    <subfield code="a">Garret&#xFFFD;on Merino, Manuel A.</subfield>
    <subfield code="q">(Manuel Antonio)</subfield>
  </datafield>
  <datafield tag="700" ind1="1" ind2=" ">
    <subfield code="a">Newman, Edward,</subfield>
    <subfield code="d">1970-</subfield>
  </datafield>
  <datafield tag="710" ind1="2" ind2=" ">
    <subfield code="a">ebrary, Inc.</subfield>
  </datafield>
  <datafield tag="830" ind1=" " ind2="0">
    <subfield code="a">Changing nature of democracy.</subfield>
  </datafield>
  <datafield tag="856" ind1="4" ind2="0">
    <subfield code="u">http://site.ebrary.com/lib/rucke/Doc?id=10015701</subfield>
    <subfield code="z">An electronic book accessible through the World Wide Web; click to view</subfield>
  </datafield>
  <datafield tag="999" ind1=" " ind2=" ">
    <subfield code="c">11801</subfield>
    <subfield code="d">11801</subfield>
  </datafield>
</record>
